Making laws for cyberspace / (رقم التسجيلة. 32948)

تفاصيل مارك
000 -الفاتح
حقل البيانات ثابتة الطول 01559cam a2200349 a 4500
001 - رقم الضبط
رقم الضبط 17152166
003 - محدد رقم الضبط
رقم الضبط OSt
005 - وقت وتاريخ اخر تعامل مع التسجيلة
رقم الضبط 20150408114201.0
008 - عناصر البيانات ثابتة الطول - معلومات عامة
حقل البيانات ثابتة الطول 120207s2012 enk b 001 0 eng
010 ## - رقم ضبط مكتبة الكونجرس
رقم ضبط مكتبة الكونجرس 2012932661
020 ## - الرقم الدولى المعيارى للكتب
الرقم الدولى المعيارى للكتاب 9780199657605 (cloth : alk. paper)
020 ## - الرقم الدولى المعيارى للكتب
الرقم الدولى المعيارى للكتاب 0199657602 (cloth : alk. paper)
020 ## - الرقم الدولى المعيارى للكتب
الرقم الدولى المعيارى للكتاب 9780199657612 (pbk. : alk. paper)
020 ## - الرقم الدولى المعيارى للكتب
الرقم الدولى المعيارى للكتاب 0199657610 (pbk. : alk. paper)
040 ## - مصدر الفهرسة
وكالة الفهرسة الأصلية DLC
وكالة النسخ DLC
وكالة التعديل DLC
042 ## - رمز التحقق
رمز التحقق pcc
050 00 - رقم طلب مكتبة الكونجرس
رقم التصنيف K564.C6
رقم المادة R438 2012
082 ## - رقم تصنيف ديوى العشرى
رقم الطبعة 22
رقم التصنيف 004
رقم المادة RCM
100 1# - المدخل الرئيسى - إسم شخصى
الإسم الشخصى Reed, Chris,
التواريخ المصاحبة للاسم 1956-
9 (RLIN) 41606
245 10 - بيان العنوان
العنوان Making laws for cyberspace /
بيان المسئوليه,etc Chris Reed.
250 ## - بيان الطبعة
بيان الطبعة 1st ed.
260 ## - PUBLICATION, DISTRIBUTION, ETC. (IMPRINT)
مكان الناشر او الموزع Oxford, U.K. :
اسم الناشر او الموزع Oxford University Press,
تاريخ النشر أو التوزيع 2012.
300 ## - الوصف المادى
التعداد xxi, 249 p. ;
أبعاد الوعاء 24 cm.
504 ## - تبصرة ببليوجرافية
تبصرة ببليوجرافية,الخ Includes bibliographical references and index.
505 0# - تبصرة محتويات-الفهرس
تبصرة المحتويات المصاغة Command and control -- The route to lawfulness -- Extraterritoriality -- Enforcing law in cyberspace -- Sources of authortiy -- Authoritative law-making -- Cyberspace communities and cyberspace norms -- Three ways to make meaningless law -- Mismatch with cyber reality -- Aims and effectiveness -- Future-proofing -- Revisiting the modalities of regulation -- Making laws for cyberspace.
650 #0 - المدخل الاضافى بالموضوع-مصطلح موضوعى
مصطلح موضوعي أو اسم جغرافي كعنصر مدخل Internet
التقسيم الفرعي العام Law and legislation.
9 (RLIN) 6957
650 #0 - المدخل الاضافى بالموضوع-مصطلح موضوعى
مصطلح موضوعي أو اسم جغرافي كعنصر مدخل Internet
التقسيم الفرعي العام Social aspects.
9 (RLIN) 10574
906 ## - عنصر بيانات محلى F, LDF (RLIN)
a 7
b cbc
c orignew
d 2
e epcn
f 20
g y-gencatlg
942 ## - عناصر المدخل الإضافي( كوها)
مصدر التصنيف او مخطط الترفيف Dewey Decimal Classification
Koha [default] item type DVD
المقتنيات
حالة الفقد نموذج السعر الفعال حالة تلف ليس للاعارة رقم الطلب تاريخ الاكتساب الموقع الحالي الفرع الرئيسي Date last seen نوع المادة فى نظام كوها مصدر التصنيف او خطة الترفيف Total Checkouts
  2014-01-07     004 RCM 2014-01-07 المكتبة المركزية بالمجمعة (CL) المكتبة المركزية بالمجمعة (CL) 2014-01-07 كتاب Dewey Decimal Classification